Tablas funciones trigonométricas senos y cosenos y coeficientes de estadia

Guardado en:
Bibliografiske detaljer
Format: Bog
Sprog:Spanish
Udgivet: [Lugar de publicación no identificado] : [editor no identificado] [199?]
Fag:
Tags: Tilføj Tag
Ingen Tags, Vær først til at tagge denne postø!

MARC

LEADER 00000nam a2200000Ia 4500
003 001957
005 20221231143948.0
008 140114s19? a 000 ||spa d
040 |c cru CEDI 
082 |a 514.083 T113t 
245 |a Tablas funciones trigonométricas senos y cosenos y coeficientes de estadia  
260 |a [Lugar de publicación no identificado] : [editor no identificado]  |c [199?] 
300 |a 106-114 páginas  
650 |x FUNCIONES TRIGONOMETRICAS   |x TRIGONOMETRIA - TABLAS, ETC.  |9 21023 
942 |2 ddc  |c BK 
999 |c 14857  |d 14857